<?xml version="1.0" encoding="UTF-8"?>
<record
    xmlns:xsi="http://www.w3.org/2001/XMLSchema-instance"
    xsi:schemaLocation="http://www.loc.gov/MARC21/slim http://www.loc.gov/standards/marcxml/schema/MARC21slim.xsd"
    xmlns="http://www.loc.gov/MARC21/slim">

  <leader>00331nam a22001457a 4500</leader>
  <controlfield tag="003">SGT</controlfield>
  <datafield tag="020" ind1=" " ind2=" ">
    <subfield code="a">9788173190643</subfield>
  </datafield>
  <datafield tag="082" ind1=" " ind2=" ">
    <subfield code="a">515</subfield>
    <subfield code="b">SOM</subfield>
  </datafield>
  <datafield tag="100" ind1=" " ind2=" ">
    <subfield code="a">SOMA SUNDARAM D. </subfield>
  </datafield>
  <datafield tag="245" ind1=" " ind2=" ">
    <subfield code="a">A FIRST COURSE IN MATHEMATICAL ANALYSIS</subfield>
  </datafield>
  <datafield tag="260" ind1=" " ind2=" ">
    <subfield code="b">NAROSA PUB.</subfield>
    <subfield code="c">2018</subfield>
  </datafield>
  <datafield tag="300" ind1=" " ind2=" ">
    <subfield code="a">606</subfield>
  </datafield>
  <datafield tag="650" ind1=" " ind2=" ">
    <subfield code="a">PHYSICAL SCIENCE </subfield>
  </datafield>
  <datafield tag="942" ind1=" " ind2=" ">
    <subfield code="2">ddc</subfield>
    <subfield code="c">BK</subfield>
    <subfield code="0">2</subfield>
  </datafield>
  <datafield tag="952" ind1=" " ind2=" ">
    <subfield code="0">0</subfield>
    <subfield code="1">0</subfield>
    <subfield code="2">ddc</subfield>
    <subfield code="4">0</subfield>
    <subfield code="7">0</subfield>
    <subfield code="a">SSSL</subfield>
    <subfield code="b">SSSL</subfield>
    <subfield code="c">TXT</subfield>
    <subfield code="d">2018-12-27</subfield>
    <subfield code="e">AHUJA BOOK </subfield>
    <subfield code="g">395.00</subfield>
    <subfield code="i">SGTU</subfield>
    <subfield code="l">0</subfield>
    <subfield code="o">515 SOM</subfield>
    <subfield code="p">PS5276</subfield>
    <subfield code="r">2018-12-27 00:00:00</subfield>
    <subfield code="w">2018-12-27</subfield>
    <subfield code="y">BK</subfield>
    <subfield code="k">10393</subfield>
  </datafield>
  <datafield tag="952" ind1=" " ind2=" ">
    <subfield code="0">0</subfield>
    <subfield code="1">0</subfield>
    <subfield code="2">ddc</subfield>
    <subfield code="4">0</subfield>
    <subfield code="7">0</subfield>
    <subfield code="a">SSSL</subfield>
    <subfield code="b">SSSL</subfield>
    <subfield code="c">TXT</subfield>
    <subfield code="d">2018-12-27</subfield>
    <subfield code="e">AHUJA BOOK </subfield>
    <subfield code="g">395.00</subfield>
    <subfield code="i">SGTU</subfield>
    <subfield code="l">1</subfield>
    <subfield code="o">515 SOM</subfield>
    <subfield code="p">PS5277</subfield>
    <subfield code="r">2022-09-19 00:00:00</subfield>
    <subfield code="s">2022-08-08</subfield>
    <subfield code="w">2018-12-27</subfield>
    <subfield code="y">BK</subfield>
    <subfield code="k">10393</subfield>
  </datafield>
  <datafield tag="952" ind1=" " ind2=" ">
    <subfield code="0">0</subfield>
    <subfield code="1">0</subfield>
    <subfield code="2">ddc</subfield>
    <subfield code="4">0</subfield>
    <subfield code="7">0</subfield>
    <subfield code="a">SSSL</subfield>
    <subfield code="b">SSSL</subfield>
    <subfield code="c">TXT</subfield>
    <subfield code="d">2018-12-27</subfield>
    <subfield code="e">AHUJA BOOK </subfield>
    <subfield code="g">395.00</subfield>
    <subfield code="i">SGTU</subfield>
    <subfield code="l">0</subfield>
    <subfield code="o">515 SOM</subfield>
    <subfield code="p">PS5278</subfield>
    <subfield code="r">2018-12-27 00:00:00</subfield>
    <subfield code="w">2018-12-27</subfield>
    <subfield code="y">BK</subfield>
    <subfield code="k">10393</subfield>
  </datafield>
  <datafield tag="952" ind1=" " ind2=" ">
    <subfield code="0">0</subfield>
    <subfield code="1">0</subfield>
    <subfield code="2">ddc</subfield>
    <subfield code="4">0</subfield>
    <subfield code="7">0</subfield>
    <subfield code="a">SSSL</subfield>
    <subfield code="b">SSSL</subfield>
    <subfield code="c">TXT</subfield>
    <subfield code="d">2018-12-27</subfield>
    <subfield code="e">AHUJA BOOK </subfield>
    <subfield code="g">395.00</subfield>
    <subfield code="i">SGTU</subfield>
    <subfield code="l">0</subfield>
    <subfield code="o">515 SOM</subfield>
    <subfield code="p">PS5279</subfield>
    <subfield code="r">2018-12-27 00:00:00</subfield>
    <subfield code="w">2018-12-27</subfield>
    <subfield code="y">BK</subfield>
    <subfield code="k">10393</subfield>
  </datafield>
  <datafield tag="952" ind1=" " ind2=" ">
    <subfield code="0">0</subfield>
    <subfield code="1">0</subfield>
    <subfield code="2">ddc</subfield>
    <subfield code="4">0</subfield>
    <subfield code="7">1</subfield>
    <subfield code="a">SSSL</subfield>
    <subfield code="b">SSSL</subfield>
    <subfield code="c">REF</subfield>
    <subfield code="d">2018-12-27</subfield>
    <subfield code="e">AHUJA BOOK </subfield>
    <subfield code="g">395.00</subfield>
    <subfield code="i">SGTU</subfield>
    <subfield code="o">515 SOM</subfield>
    <subfield code="p">PS5280</subfield>
    <subfield code="r">2018-12-27 00:00:00</subfield>
    <subfield code="w">2018-12-27</subfield>
    <subfield code="y">BK</subfield>
    <subfield code="k">10393</subfield>
  </datafield>
  <datafield tag="952" ind1=" " ind2=" ">
    <subfield code="0">0</subfield>
    <subfield code="1">0</subfield>
    <subfield code="2">ddc</subfield>
    <subfield code="4">0</subfield>
    <subfield code="7">0</subfield>
    <subfield code="a">SSSL</subfield>
    <subfield code="b">SSSL</subfield>
    <subfield code="c">TXT</subfield>
    <subfield code="d">2018-12-27</subfield>
    <subfield code="e">AHUJA BOOK </subfield>
    <subfield code="g">395.00</subfield>
    <subfield code="i">SGTU</subfield>
    <subfield code="l">0</subfield>
    <subfield code="o">515 SOM</subfield>
    <subfield code="p">PS5281</subfield>
    <subfield code="r">2018-12-27 00:00:00</subfield>
    <subfield code="w">2018-12-27</subfield>
    <subfield code="y">BK</subfield>
    <subfield code="k">10393</subfield>
  </datafield>
  <datafield tag="952" ind1=" " ind2=" ">
    <subfield code="0">0</subfield>
    <subfield code="1">0</subfield>
    <subfield code="2">ddc</subfield>
    <subfield code="4">0</subfield>
    <subfield code="7">0</subfield>
    <subfield code="a">SSSL</subfield>
    <subfield code="b">SSSL</subfield>
    <subfield code="c">TXT</subfield>
    <subfield code="d">2018-12-27</subfield>
    <subfield code="e">AHUJA BOOK </subfield>
    <subfield code="g">395.00</subfield>
    <subfield code="i">SGTU</subfield>
    <subfield code="l">1</subfield>
    <subfield code="o">515 SOM</subfield>
    <subfield code="p">PS5282</subfield>
    <subfield code="r">2023-10-28 00:00:00</subfield>
    <subfield code="s">2023-10-16</subfield>
    <subfield code="w">2018-12-27</subfield>
    <subfield code="y">BK</subfield>
    <subfield code="k">10393</subfield>
  </datafield>
  <datafield tag="952" ind1=" " ind2=" ">
    <subfield code="0">0</subfield>
    <subfield code="1">0</subfield>
    <subfield code="2">ddc</subfield>
    <subfield code="4">0</subfield>
    <subfield code="7">0</subfield>
    <subfield code="a">SSSL</subfield>
    <subfield code="b">SSSL</subfield>
    <subfield code="c">TXT</subfield>
    <subfield code="d">2018-12-27</subfield>
    <subfield code="e">AHUJA BOOK </subfield>
    <subfield code="g">395.00</subfield>
    <subfield code="i">SGTU</subfield>
    <subfield code="l">0</subfield>
    <subfield code="o">515 SOM</subfield>
    <subfield code="p">PS5283</subfield>
    <subfield code="r">2018-12-27 00:00:00</subfield>
    <subfield code="w">2018-12-27</subfield>
    <subfield code="y">BK</subfield>
    <subfield code="k">10393</subfield>
  </datafield>
  <datafield tag="952" ind1=" " ind2=" ">
    <subfield code="0">0</subfield>
    <subfield code="1">0</subfield>
    <subfield code="2">ddc</subfield>
    <subfield code="4">0</subfield>
    <subfield code="7">0</subfield>
    <subfield code="a">SSSL</subfield>
    <subfield code="b">SSSL</subfield>
    <subfield code="c">TXT</subfield>
    <subfield code="d">2018-12-27</subfield>
    <subfield code="e">AHUJA BOOK </subfield>
    <subfield code="g">395.00</subfield>
    <subfield code="i">SGTU</subfield>
    <subfield code="l">0</subfield>
    <subfield code="o">515 SOM</subfield>
    <subfield code="p">PS5284</subfield>
    <subfield code="r">2018-12-27 00:00:00</subfield>
    <subfield code="w">2018-12-27</subfield>
    <subfield code="y">BK</subfield>
    <subfield code="k">10393</subfield>
  </datafield>
  <datafield tag="952" ind1=" " ind2=" ">
    <subfield code="0">0</subfield>
    <subfield code="1">0</subfield>
    <subfield code="2">ddc</subfield>
    <subfield code="4">0</subfield>
    <subfield code="7">0</subfield>
    <subfield code="a">SSSL</subfield>
    <subfield code="b">SSSL</subfield>
    <subfield code="c">TXT</subfield>
    <subfield code="d">2018-12-27</subfield>
    <subfield code="e">AHUJA BOOK </subfield>
    <subfield code="g">395.00</subfield>
    <subfield code="i">SGTU</subfield>
    <subfield code="l">0</subfield>
    <subfield code="o">515 SOM</subfield>
    <subfield code="p">PS5285</subfield>
    <subfield code="r">2018-12-27 00:00:00</subfield>
    <subfield code="w">2018-12-27</subfield>
    <subfield code="y">BK</subfield>
    <subfield code="k">10393</subfield>
  </datafield>
  <datafield tag="999" ind1=" " ind2=" ">
    <subfield code="c">16405</subfield>
    <subfield code="d">16405</subfield>
  </datafield>
</record>
